Name the UK TV Game Show - Statistics

General Stats
  • This quiz has been taken 625 times
    397 since last reset
  • The average score is 12 of 20
Answer Stats
Channel On Air Main Host(s) Quiz Show % Correct
BBC1 2009 - present Alexander Armstrong Pointless
91%
ITV 2009 - present Bradley Walsh The Chase
89%
ITV 1998 - 2014, 2018 - present Chris Tarrant / Jeremy Clarkson Who Wants to be a Millionaire?
86%
BBC1 & 2 2000 - 2012 Anne Robinson The Weakest Link
84%
Channel 4 1982 - present Richard Whiteley / Nick Hewer Countdown
83%
BBC1 1970 - present David Coleman / Sue Barker A Question of Sport
78%
BBC1 1972 - present Magnus Magnusson / John Humphrys Mastermind
77%
ITV 1986 - 2004 - 2013 - present Roy Walker / Stephen Mulhern Catchphrase
76%
BBC2 1994 - present Jeremy Paxman University Challenge
73%
BBC1 & 2 2003 - present Stephen Fry / Sandi Toksvig QI
72%
Channel 4 2005 - present Jimmy Carr 8 out of 10 Cats
63%
BBC2 2017 - present Richard Osman House of Games
60%
BBC1 1990 - present Angus Deayton / Guest Hosts Have I Got News For You
59%
BBC2 2005 - present Dermot Murnaghan / Jeremy Vine Eggheads
58%
ITV 1983 - 1993 Bob Holness Blockbusters
50%
BBC2 2014 - present Victoria Coren Mitchell Only Connect
47%
Channel 4 2010 - 2015 Davina McCall The Million Pound Drop
37%
ITV 1988 - 2001 Nicky Campbell / John Leslie Wheel of Fortune
36%
Sky 1 2007 - 2010 Noel Edmonds Are You Smarter Than a 10 Year Old?
12%
Sky 1 2008 - 2009 Shane Ritchie Don't Forget the Lyrics!
6%
No matching quizzes found
Score Distribution
Percent of People with Each Score
Percentile by Number Answered
Your Score History
You have not taken this quiz since the last reset